| 000 | 00950nam a2200337Ia 4500 | ||
|---|---|---|---|
| 008 | 160803s9999 xx 000 0 und d | ||
| 020 | _a978-0439559706 | ||
| 100 | _aStilton, Geronimo | ||
| 245 | _aAttack of the bandit cats / | ||
| 245 | _cGeronimo Stilton ; illustrations by Matt Wolf ; English translation by Edizioni Piemme S.p.A. | ||
| 260 | _aNew York : | ||
| 260 | _bScholastic Inc. | ||
| 260 | _c2004 | ||
| 300 | _a113 pages : | ||
| 300 | _bcolor illustrations, maps ; | ||
| 300 | _c20 cm. | ||
| 440 | _aGeronimo Stilton ; | ||
| 440 | _vbk. 8 | ||
| 500 | _aTranslation of: Il galeone dei gatti pirati. | ||
| 650 | _aCats -- | ||
| 650 | _aJournalists -- | ||
| 650 | _aMice -- | ||
| 650 | _aPirates -- | ||
| 650 | _aStilton, Geronimo (Fictitious character) -- | ||
| 650 | _xFiction. | ||
| 650 | _xFiction. | ||
| 650 | _xFiction. | ||
| 650 | _xFiction. | ||
| 650 | _xJuvenile fiction. | ||
| 700 | _a570 | ||
| 999 |
_c298253 _d298253 |
||